[Event "Ruhrgebiet Verbandsklasse Gruppe 2 1819"]
[Site "Nordrheinwestfalen"]
[Date "2019.01.20"]
[Round "5.2"]
[White "Prieb, Robert"]
[Black "Grosse Venhaus, Phillip"]
[Result "1/2-1/2"]
[WhiteElo "1818"]
[BlackElo "1793"]
[PlyCount "87"]
[EventDate "2018.09.23"]
[EventType "team-tourn"]
[EventRounds "9"]
[EventCountry "GER"]
[SourceTitle "EXT 2022"]
[Source "ChessBase"]
[SourceDate "2021.10.06"]
[SourceVersion "1"]
[SourceVersionDate "2021.10.06"]
[SourceQuality "1"]
[WhiteTeam "Bochum SG IV"]
[BlackTeam "Marten Boevinghausen"]
[WhiteTeamCountry "GER"]
[BlackTeamCountry "GER"]

1. d4 e6 2. c4 d5 3. Nc3 Nf6 4. Nf3 Nbd7 5. Bf4 Bb4 6. e3 dxc4 7. Bxc4 Nb6 8. Qb3 Bxc3+ 9. bxc3 Nfd5 10. Bg5 f6 11. Bh4 Nxc4 12. Qxc4 Nb6 13. Qb3 Qd5 14. 0-0 Bd7 15. Rac1 Bb5 16. Rfe1 Bc4 17. Qa3 Qd6 18. Qxd6 cxd6 19. a3 Kf7 20. e4 g5 21. Bg3 e5 22. Nd2 Rac8 23. f3 Nd7 24. Rb1 b6 25. Rb4 Bd3 26. c4 a5 27. Rb3 Bxc4 28. Nxc4 Rxc4 29. dxe5 dxe5 30. Bf2 Rb8 31. Reb1 a4 32. Rb4 Rxb4 33. Rxb4 b5 34. Kf1 Rb7 35. Ke2 Ke6 36. Rb2 Nb8 37. g3 Nc6 38. Bc5 Na5 39. Rd2 Rd7 40. Rxd7 Kxd7 41. Bb4 Nc6 42. Kd3 Nxb4+ 43. axb4 Ke6 44. g4 1/2-1/2

[Event "Ruhrgebiet Verbandsklasse Gruppe 2 1819"]
[Site "Nordrheinwestfalen"]
[Date "2018.12.02"]
[Round "4.2"]
[White "Grosse Venhaus, Phillip"]
[Black "Neumann, Carsten"]
[Result "1/2-1/2"]
[WhiteElo "1793"]
[BlackElo "2002"]
[PlyCount "39"]
[EventDate "2018.09.23"]
[EventType "team-tourn"]
[EventRounds "9"]
[EventCountry "GER"]
[SourceTitle "EXT 2022"]
[Source "ChessBase"]
[SourceDate "2021.10.06"]
[SourceVersion "1"]
[SourceVersionDate "2021.10.06"]
[SourceQuality "1"]
[WhiteTeam "Marten Boevinghausen"]
[BlackTeam "Kamen SV II"]
[WhiteTeamCountry "GER"]
[BlackTeamCountry "GER"]

1. e4 d6 2. d4 g6 3. Nf3 Bg7 4. c3 Nf6 5. Qc2 0-0 6. Be2 Nbd7 7. 0-0 e5 8. dxe5 dxe5 9. Rd1 Qe7 10. Nbd2 b6 11. b4 Bb7 12. a4 c5 13. b5 a6 14. Bb2 Rfd8 15. bxa6 Bxa6 16. Bxa6 Rxa6 17. Nc4 Rda8 18. Nd6 Ne8 19. Nb5 Ndf6 20. c4 1/2-1/2

[Event "Ruhrgebiet Verbandsklasse Gruppe 2 1819"]
[Site "Nordrheinwestfalen"]
[Date "2018.10.07"]
[Round "2.2"]
[White "Hein, Erwin"]
[Black "Grosse Venhaus, Phillip"]
[Result "0-1"]
[WhiteElo "2001"]
[BlackElo "1793"]
[PlyCount "92"]
[EventDate "2018.09.23"]
[EventType "team-tourn"]
[EventRounds "9"]
[EventCountry "GER"]
[SourceTitle "EXT 2022"]
[Source "ChessBase"]
[SourceDate "2021.10.06"]
[SourceVersion "1"]
[SourceVersionDate "2021.10.06"]
[SourceQuality "1"]
[WhiteTeam "Dortmund FS"]
[BlackTeam "Marten Boevinghausen"]
[WhiteTeamCountry "GER"]
[BlackTeamCountry "GER"]

1. d4 e6 2. c4 d5 3. Nf3 Nf6 4. Nc3 Nbd7 5. cxd5 exd5 6. Bg5 Bb4 7. e3 c5 8. Qc2 Qa5 9. Nd2 cxd4 10. exd4 0-0 11. Be2 Re8 12. Nb3 Qc7 13. Rc1 Ne4 14. Be3 Ndf6 15. 0-0 Nxc3 16. bxc3 Ba3 17. Rcd1 Bg4 18. Rfe1 Bxe2 19. Rxe2 Rac8 20. Rd3 Ne4 21. Bd2 Bb4 22. f3 Nxd2 23. Rxe8+ Rxe8 24. Nxd2 Bd6 25. Nf1 g6 26. Qb3 Qd7 27. Re3 Re6 28. Rxe6 fxe6 29. Ne3 b5 30. Ng4 Kg7 31. g3 a5 32. f4 Qc6 33. Ne5 Bxe5 34. fxe5 Qc4 35. Qa3 b4 36. cxb4 Qxd4+ 37. Kg2 axb4 38. Qa5 Qe4+ 39. Kg1 Qxe5 40. Qxb4 Qa1+ 41. Kg2 Qxa2+ 42. Kh3 Qf2 43. Qb7+ Kf6 44. Qa6 g5 45. Qa1+ d4 46. Qd1 h5 0-1

[Event "NRW Verbandsklasse Group1 1314"]
[Site "Nordrheinwestfalen"]
[Date "2014.02.16"]
[Round "7"]
[White "Granitza, Nico"]
[Black "Grosse Venhaus, Phillip"]
[Result "0-1"]
[WhiteElo "1649"]
[BlackElo "1746"]
[PlyCount "109"]
[EventDate "2013.09.08"]
[EventType "team-tourn"]
[EventRounds "9"]
[EventCountry "GER"]
[SourceTitle "EXT 2020"]
[Source "ChessBase"]
[SourceDate "2019.10.17"]
[SourceVersion "1"]
[SourceVersionDate "2019.10.17"]
[SourceQuality "1"]
[WhiteTeam "Koenigsspringer Haltern"]
[BlackTeam "Marten Boevinghausen"]
[WhiteTeamCountry "GER"]
[BlackTeamCountry "GER"]

1. d4 e6 2. c4 d5 3. Nc3 Nf6 4. Bg5 Nbd7 5. cxd5 exd5 6. Nxd5 Nxd5 7. Bxd8 Bb4+ 8. Qd2 Bxd2+ 9. Kxd2 Kxd8 10. e4 N5b6 11. Ne2 Nf6 12. Nc3 Bd7 13. f3 Ke7 14. g4 h6 15. a4 a5 16. b3 Rhd8 17. Bc4 Be6 18. Bxe6 fxe6 19. Ke3 Rac8 20. Rac1 c5 21. Ne2 c4 22. Rc3 cxb3 23. Rxb3 Nc4+ 24. Kd3 Rd7 25. Rhb1 Rcc7 26. h4 Ne5+ 27. Ke3 Nc6 28. Rb5 Ne8 29. Rc5 Nd6 30. Rbc1 Ne8 31. g5 Nb4 32. Nf4 b6 33. Ng6+ Kd8 34. R5c3 Rxc3+ 35. Rxc3 Rc7 36. Rb3 Nd6 37. gxh6 gxh6 38. Kf4 Nc4 39. Ne5 Nxe5 40. Kxe5 Ke7 41. d5 Rc5 42. f4 exd5 43. exd5 Rxd5+ 44. Ke4 Rd1 45. Rg3 Kf7 46. Kf5 Nc6 47. Rc3 Rd5+ 48. Ke4 Rd6 49. Kf5 Ne7+ 50. Kg4 Rd4 51. Rb3 Nd5 52. Rb5 Rxf4+ 53. Kh5 Nf6+ 54. Kxh6 Rxh4+ 55. Kg5 0-1

[Event "Ruhrgebiet VK3 0910"]
[Site "Ruhrgebiet"]
[Date "2010.01.10"]
[Round "5.7"]
[White "Lombardi, Marco"]
[Black "Grosse Venhaus, Phillip"]
[Result "1-0"]
[WhiteElo "1877"]
[BlackElo "1732"]
[PlyCount "64"]
[EventDate "2009.09.06"]
[EventType "team"]
[EventRounds "9"]
[EventCountry "GER"]
[SourceTitle "EXT 2011"]
[Source "ChessBase"]
[SourceDate "2010.11.26"]
[SourceVersion "1"]
[SourceVersionDate "2010.11.26"]
[SourceQuality "1"]
[WhiteTeam "Haltern"]
[BlackTeam "Marten Boevinghausen"]
[WhiteTeamCountry "GER"]
[BlackTeamCountry "GER"]

1. Nf3 d5 2. g3 Nf6 3. Bg2 e6 4. d3 c5 5. 0-0 Bd6 6. Nbd2 0-0 7. e4 Bc7 8. Qe2 Nc6 9. Nb3 b6 10. Rd1 Ba6 11. Qe1 h6 12. a3 Re8 13. Bd2 Qe7 14. a4 Rad8 15. a5 b5 16. Bf1 dxe4 17. dxe4 c4 18. Nc1 Bb7 19. Na2 Rd7 20. a6 Ba8 21. Nc3 Ne5 22. Nxe5 Bxe5 23. Nxb5 Nxe4 24. Bb4 Rxd1 25. Rxd1 Qf6 26. Bg2 Qf5 27. f4 Bxb2 28. Nc7 Bc3 29. Bxc3 Nxc3 30. Nxa8 Qc5+ 31. Kh1 Qa5 32. Bb7 Rd8 1-0

[Event "Ruhrgebiet VK3 0910"]
[Site "Ruhrgebiet"]
[Date "2009.09.06"]
[Round "1.6"]
[White "Grosse Venhaus, Phillip"]
[Black "Reinhardt, Raphael Timon"]
[Result "1-0"]
[WhiteElo "1732"]
[BlackElo "1794"]
[PlyCount "73"]
[EventDate "2009.09.06"]
[EventType "team"]
[EventRounds "9"]
[EventCountry "GER"]
[SourceTitle "EXT 2011"]
[Source "ChessBase"]
[SourceDate "2010.11.26"]
[SourceVersion "1"]
[SourceVersionDate "2010.11.26"]
[SourceQuality "1"]
[WhiteTeam "Marten Boevinghausen"]
[BlackTeam "Rochade Eving"]
[WhiteTeamCountry "GER"]
[BlackTeamCountry "GER"]

1. e4 c5 2. Ne2 e6 3. g3 b5 4. Bg2 Bb7 5. d3 Nf6 6. 0-0 Be7 7. h3 0-0 8. Kh2 d6 9. f4 Nbd7 10. Be3 Qc7 11. Nd2 a5 12. c3 b4 13. c4 Nb6 14. b3 Nfd7 15. Rc1 Bf6 16. d4 cxd4 17. Nxd4 Nc5 18. Nb5 Qe7 19. Qe2 a4 20. Bxc5 dxc5 21. e5 Bxg2 22. Qxg2 axb3 23. exf6 Qxf6 24. axb3 Ra2 25. Rf2 Qb2 26. Ne4 Qxc1 27. Rxa2 Rd8 28. Nxc5 Qe3 29. Qf2 Qc1 30. Ne4 Rd1 31. g4 Re1 32. Ng3 Qe3 33. Qxe3 Rxe3 34. c5 Nd7 35. c6 Nb6 36. c7 Rd3 37. Ra8+ 1-0

[Event "Ruhrgebiet-ch U16"]
[Site "Muelheim"]
[Date "2004.04.06"]
[Round "6"]
[White "Grasse, Herbert"]
[Black "Grosse Venhaus, Phillip"]
[Result "0-1"]
[WhiteElo "1248"]
[BlackElo "1620"]
[PlyCount "116"]
[EventDate "2004.04.??"]
[EventType "swiss"]
[EventRounds "7"]
[EventCountry "GER"]
[SourceTitle "EXT 2005"]
[Source "ChessBase"]
[SourceDate "2004.11.15"]
[SourceVersion "1"]
[SourceVersionDate "2004.11.15"]
[SourceQuality "1"]

1. Nf3 g6 2. g3 c6 3. Bg2 Bg7 4. d3 Nf6 5. 0-0 0-0 6. Nbd2 d5 7. Re1 Re8 8. e4 dxe4 9. dxe4 e5 10. h3 Qc7 11. c3 b5 12. Nf1 Bb7 13. N3h2 Nbd7 14. Kh1 Rad8 15. Qc2 Nc5 16. f3 Nd3 17. Re3 Nc5 18. b4 Na4 19. c4 Rd4 20. Nd2 Red8 21. Bf1 Bh6 22. Rd3 Rxd3 23. Bxd3 Qd6 24. Nb3 Bxc1 25. Nxc1 Qd4 26. Rb1 bxc4 27. Bxc4 Nc3 28. Ne2 Nxe2 29. Qxe2 Qd2 30. Nf1 Qh6 31. h4 g5 32. Qe3 Rd4 33. Qxg5+ Qxg5 34. hxg5 Nxe4 35. fxe4 Rxc4 36. Nd2 Rc2 37. Rd1 Rxa2 38. Nb3 Kg7 39. Nc5 Bc8 40. Rd6 Bg4 41. Rxc6 Rb2 42. Kg1 Rxb4 43. Rd6 Rd4 44. Rd5 f6 45. gxf6+ Kxf6 46. Kf2 Rxd5 47. exd5 Ke7 48. Ne4 Bf5 49. Nc3 a6 50. Kf3 Kd6 51. Na2 Bd3 52. Ke3 Bc4 53. Nb4 a5 54. Nc6 a4 55. Nb4 Bxd5 56. Kd3 a3 57. Nc2 a2 58. Na1 Kc5 0-1

[Event "Ruhrgebiet-ch U16"]
[Site "Muelheim"]
[Date "2003.04.15"]
[Round "5"]
[White "Goschin, Sebastian"]
[Black "Grosse Venhaus, Phillip"]
[Result "0-1"]
[WhiteElo "1325"]
[BlackElo "1483"]
[PlyCount "38"]
[EventDate "2003.04.??"]
[EventType "swiss"]
[EventRounds "7"]
[EventCountry "GER"]
[SourceTitle "EXT 2005"]
[Source "ChessBase"]
[SourceDate "2004.11.15"]
[SourceVersion "1"]
[SourceVersionDate "2004.11.15"]
[SourceQuality "1"]

1. e4 e5 2. Nf3 d6 3. Nc3 c6 4. d4 exd4 5. Nxd4 Nf6 6. Bg5 Be7 7. Nf3 Bg4 8. h3 Bh5 9. Qd3 Nbd7 10. Be2 0-0 11. 0-0-0 Bg6 12. Qd2 Bxe4 13. Qf4 Bd5 14. Qg3 Re8 15. Rd4 Qa5 16. Nxd5 Nxd5 17. Bc4 Bxg5+ 18. Qxg5 Ne5 19. Qd2 Nxc4 0-1

[Event "Ruhrgebiet-ch U16"]
[Site "Muelheim"]
[Date "2003.04.15"]
[Round "6"]
[White "Grosse Venhaus, Phillip"]
[Black "Alesinsky, Bakir"]
[Result "1-0"]
[WhiteElo "1483"]
[BlackElo "1422"]
[PlyCount "79"]
[EventDate "2003.04.??"]
[EventType "swiss"]
[EventRounds "7"]
[EventCountry "GER"]
[SourceTitle "EXT 2005"]
[Source "ChessBase"]
[SourceDate "2004.11.15"]
[SourceVersion "1"]
[SourceVersionDate "2004.11.15"]
[SourceQuality "1"]

1. Nf3 Nf6 2. g3 g6 3. Bg2 Bg7 4. d4 d6 5. 0-0 0-0 6. c4 c5 7. e3 Na6 8. a3 Bd7 9. Nc3 Rb8 10. Bd2 b5 11. cxb5 Bxb5 12. Nxb5 Rxb5 13. Qa4 Qb6 14. Rab1 Nc7 15. Rfc1 Rc8 16. dxc5 dxc5 17. b4 Qa6 18. Qxa6 Nxa6 19. a4 Rbb8 20. b5 Nb4 21. Bxb4 cxb4 22. Rxc8+ Rxc8 23. Rxb4 Nd5 24. Re4 Rc1+ 25. Bf1 Bf6 26. Rc4 Nc3 27. Kg2 Ra1 28. e4 Nxa4 29. Rc8+ Kg7 30. e5 Nb6 31. exf6+ Kxf6 32. Rc6+ e6 33. h4 Nd5 34. Ra6 Rxa6 35. bxa6 e5 36. Ng5 h6 37. Ne4+ Ke6 38. Bc4 f5 39. Nc3 Kd6 40. Bxd5 1-0

[Event "Ruhrgebiet-ch U14"]
[Site "Muelheim"]
[Date "2002.03.26"]
[Round "5"]
[White "Grosse Venhaus, Phillip"]
[Black "Rathke, Jens"]
[Result "1/2-1/2"]
[WhiteElo "1342"]
[BlackElo "1512"]
[PlyCount "59"]
[EventDate "2002.03.23"]
[EventType "swiss"]
[EventRounds "7"]
[EventCountry "GER"]
[SourceTitle "CBM 087 Extra"]
[Source "ChessBase"]
[SourceDate "2002.05.03"]
[SourceVersion "2"]
[SourceVersionDate "2002.08.09"]
[SourceQuality "1"]

1. e4 c5 2. Ne2 Nc6 3. Nbc3 d6 4. g3 g6 5. Bg2 Bg7 6. d3 a6 7. 0-0 Qc7 8. Nd5 Qd8 9. Rb1 e6 10. Ndc3 Nf6 11. Nf4 0-0 12. Be3 Rb8 13. Qd2 Ng4 14. h3 Nxe3 15. fxe3 b5 16. Nd1 Bb7 17. c3 Ne7 18. d4 cxd4 19. exd4 d5 20. Nf2 Qc7 21. e5 Rfc8 22. a3 a5 23. N2d3 Ba6 24. Nc5 Qc6 25. Rfc1 Ra8 26. b4 Ra7 27. Ra1 a4 28. Rf1 Bf8 29. g4 Bh6 30. Qf2 1/2-1/2

[Event "Ruhrgebiet-ch U14"]
[Site "Muelheim"]
[Date "2002.03.23"]
[Round "1"]
[White "Strathoff, Martin"]
[Black "Grosse Venhaus, Phillip"]
[Result "1-0"]
[WhiteElo "1709"]
[BlackElo "1342"]
[PlyCount "47"]
[EventDate "2002.03.23"]
[EventType "swiss"]
[EventRounds "7"]
[EventCountry "GER"]
[SourceTitle "CBM 087 Extra"]
[Source "ChessBase"]
[SourceDate "2002.05.03"]
[SourceVersion "2"]
[SourceVersionDate "2002.08.09"]
[SourceQuality "1"]

1. d4 d5 2. c4 e6 3. Nc3 Nf6 4. Bg5 h6 5. Bh4 Nbd7 6. Nf3 c5 7. cxd5 exd5 8. e3 Be7 9. Bd3 a6 10. 0-0 0-0 11. a4 b6 12. Rc1 Bb7 13. Bf5 Ne4 14. Bxe7 Qxe7 15. Bxd7 Qxd7 16. dxc5 bxc5 17. Nxe4 Rac8 18. Nxc5 Qe7 19. Nxb7 Qxb7 20. h3 Qxb2 21. Rxc8 Rxc8 22. Qxd5 Rc2 23. Ne5 Kh7 24. Nxf7 1-0